Guess the presidential election by the map - Statistics

General Stats
  • This quiz has been taken 82 times
  • The average score is 39 of 60
Answer Stats
Picture Answer % Correct
2024
93%
2016
91%
2020
91%
1936
90%
1980
88%
1996
88%
1984
87%
1912
85%
1960
85%
1992
85%
1948
84%
1924
81%
1976
81%
1956
79%
1968
79%
1972
79%
1932
76%
1940
76%
1988
76%
1792
75%
1788
74%
1916
74%
1864
72%
1876
72%
1908
72%
1964
72%
1820
71%
1816
69%
1800
68%
1856
68%
1884
65%
1832
62%
1840
62%
1880
62%
1920
62%
2012
62%
1824
60%
1900
60%
1944
60%
2000
60%
2008
57%
1892
56%
2004
56%
1848
54%
1808
53%
1844
53%
1896
50%
1868
49%
1904
49%
1828
47%
1952
47%
1812
46%
1796
44%
1928
43%
1804
40%
1852
38%
1860
38%
1872
34%
1888
34%
1836
31%
No matching quizzes found
Score Distribution
Percent of People with Each Score
Percentile by Number Answered
Your Score History
You have not taken this quiz